Curriculum presente, ciencia ausente
保存先:
| 第一著者: | |
|---|---|
| フォーマット: | 図書 |
| 言語: | スペイン語 |
| 出版事項: |
Buenos Aires
Miño y Dávila
1995
|
| 主題: | |
| タグ: |
タグ追加
タグなし, このレコードへの初めてのタグを付けませんか!
|
MARC
| LEADER | 00000nam a2200000 a 4500 | ||
|---|---|---|---|
| 001 | UCS6672 | ||
| 003 | CL-VaPUC | ||
| 008 | 970926e19950000AG |||||||||||||||||spa|d | ||
| 082 | 0 | 4 | |a 372.86 |b AIS |2 21 |
| 100 | 0 | |a Aisentein, Angela |e author |9 392036 | |
| 245 | 1 | 0 | |a Curriculum presente, ciencia ausente |
| 300 | |a v | ||
| 942 | |c BK | ||
| 945 | |d 19970926 00:00:00 |a jquezada | ||
| 260 | |a Buenos Aires |b Miño y Dávila |c 1995 | ||
| 500 | |a v.4: <El >modelo didáctico en la educación física: entre la escuela y la formación docente | ||
| 650 | 0 | |a Educación física |9 240893 | |
| 650 | 0 | |a Formación profesional de profesores |9 307493 | |
| 650 | 0 | |a Enseñanza |9 256457 | |
| 650 | 0 | |a Didáctica |9 369923 | |
| 650 | 0 | |a Anatomía |9 261202 | |
| 650 | 7 | |a FISIOLOGIA |2 CL-VaPUC |9 392037 | |
| 650 | 0 | |a Educación básica |9 224933 | |
| 583 | |a last modification |c 19970926 00:00:00 |k Rodrigo Vera | ||
| 999 | |c 262301 |d 262299 | ||
| 952 | |0 0 |1 0 |4 0 |6 372_860000000000000_AIS_1995 |7 0 |8 A |9 290604 |a BIBEDU |b BIBEDU |d 2019-11-19 |h v.4 |i 3351351 |o 372.86 AIS 1995 |p 3351351 |r 2019-11-19 |w 2019-11-19 |y BK |k EFI | ||